Normal view
MARC view
- Geography -- Handbooks, manuals, etc. World history -- Handbooks, manuals, etc. Civilization -- Handbooks, manuals, etc
Entry Topical Term
001 - CONTROL NUMBER
- control field: 88900
003 - CONTROL NUMBER IDENTIFIER
- control field: NUST
005 - DATE AND TIME OF LATEST TRANSACTION
- control field: 20220210093638.0
008 - FIXED-LENGTH DATA ELEMENTS
- fixed length control field: 220210|| aca||aabn | a|a d
040 ## - CATALOGING SOURCE
- Original cataloging agency: NUST
- Transcribing agency: NUST
150 ## - HEADING--TOPICAL TERM
- Topical term or geographic name entry element: Geography -- Handbooks, manuals, etc. World history -- Handbooks, manuals, etc. Civilization -- Handbooks, manuals, etc
670 ## - SOURCE DATA FOUND
- Source citation: Work cat.: (NUST)586413: Thornton, Kathryn 82167, Answer Book: , 2009.
